ਆਦਿ ਗ੍ਰੰਥ ਵਿੱਚ ਦਰਜ ਬਗਤ ਬਾਣੀ ਦਾ ਧਰਮ -ਸ਼ਾਹਸਤੀ ਪਰਿਪੇਖ: (Record no. 1851182)

MARC details
000 -LEADER
fixed length control field 00847nam a22001937a 4500
005 - DATE AND TIME OF LATEST TRANSACTION
control field 20260511140937.0
008 - FIXED-LENGTH DATA ELEMENTS--GENERAL INFORMATION
fixed length control field 260511b |||||||| |||| 00| 0 eng d
040 ## - CATALOGING SOURCE
Transcribing agency CRL
041 ## - LANGUAGE CODE
Language code of text ਪੰਜਾਬੀ
100 ## - MAIN ENTRY--PERSONAL NAME
Student/researcher name ਕੌਰ, ਬੇਅੰਤ
245 ## - TITLE STATEMENT
Title ਆਦਿ ਗ੍ਰੰਥ ਵਿੱਚ ਦਰਜ ਬਗਤ ਬਾਣੀ ਦਾ ਧਰਮ -ਸ਼ਾਹਸਤੀ ਪਰਿਪੇਖ:
Remainder of title (ਭਗਤ ਕਬੀਰ, ਰਵਿਦਾਸ ਅਤੇ ਨਾਮਦੇਵ ਦੇ ਵਿਸ਼ੇਸ਼ ਸੰਦਰਭ ਵਿੱਚ )
Statement of responsibility, etc. by ਬੇਅੰਤ ਕੌਰ
260 ## - PUBLICATION, DISTRIBUTION, ETC.
Place of publication, distribution, etc. Delhi
Name of publisher, distributor, etc. University of Delhi
Date of publication, distribution, etc. 2025
300 ## - PHYSICAL DESCRIPTION
Extent 283 ਪ.
502 ## - Thesis Note
Degree type Ph.D.
Name of granting institution University of Delhi
700 ## - ADDED ENTRY--PERSONAL NAME
Supervisor / Guide name ਰੰਜੂ ਬਾਲਾ
710 ## - ADDED ENTRY--CORPORATE NAME
Department Department of Punjabi, University of Delhi,
942 ## - ADDED ENTRY ELEMENTS (KOHA)
Koha item type Thesis
100 ## - MAIN ENTRY--PERSONAL NAME
-- 814687
700 ## - ADDED ENTRY--PERSONAL NAME
-- 1238984
710 ## - ADDED ENTRY--CORPORATE NAME
-- 1238985
999 ## -
-- 1851182
-- 1851182
Holdings
Withdrawn status Lost status Not for loan Home library Current library Date acquired Accession Number Koha item type
      Central Library Central Library 2026-05-11 TH0028757 Thesis
Copyright @ Delhi University Library System